005990000a220016900045000410008000000820020000082450080000282600064001083000012001720010005001849420007001899520128001969990017003243360027003413370033003683380028004010 aENG04aG 262.98 P9282c10aThe constitution of the presbyterian church in the United States of America aPA., USA : Published for the Office of the General Assembly a532 Pag7038 cBK 001040708GENaFUSBCbFUSBCd2005-01-06l0oG 262.98 P9282c p5904r2019-12-12 00:00:00t2016-12-02w2016-01-26yBKB0C3 c37274d37274 atextobtxt2rdacontent 2rdamediaasin mediaciónbn 2rdacarrieravolumenbnc